Miejscowości w gminie Turobin - Statystyki

Ogólne statystyki
  • Ten quiz został rozwiązany 9 razy
  • Średni wynik to 4 z 10
Statystyki odpowiedzi
Odpowiedź % Poprawnych
1. Turobin
100%
3. Elizówka
56%
5. Przedmieście
56%
2. Guzówka
44%
9. Żabno
44%
4. Olszanka
33%
7. Zagroble
33%
10. Kolonia Żabno
22%
6. Rokitów
22%
8. Załawcze
22%
Nie znaleziono quizów pasujących do podanych kryteriów
Rozkład punktacji
Procent ludzi z każdym wynikiem
Percentyl według liczby udzielonych odpowiedzi
Twoja historia wyników
Nie rozwiązałeś tego quizu